Music Quiz

Random Music or Clickable Quiz

Click Me Maybe Quiz Stats

 Plays Quiz not verified by Sporcle

Challenge
Share
Tweet
Embed
Score 0/20 Timer 04:00
1 Play Today
% Correct
MAYBE
93%
CALL
91.5%
CRAZY
84.5%
NUMBER
84%
BABY
83.6%
JEANS
82.1%
RIPPED
77.5%
BOYS
76.1%
KISS
75.8%
PENNIES
72.1%
% Correct
WISH
69.7%
SKIN
68.7%
DIMES
68.5%
CHASE
68%
STARE
67%
MISSED
60.1%
STEAL
59%
BORROW
55.2%
SOUL
45.2%
LIFE
45.2%

You're not logged in!

Compare scores with friends on all Sporcle quizzes.
OR
Log In

You Might Also Like...

Show Comments

Extras

Curator's Pick Mar 25, 2015ReportNominate
Tags:Clickable Quiz, Song Quiz, call, maybe

Top Quizzes Today


Score Distribution

Your Account Isn't Verified!

In order to create a playlist on Sporcle, you need to verify the email address you used during registration. Go to your Sporcle Settings to finish the process.

Report this User

Report this user for behavior that violates our Community Guidelines.

Details: